000 00341 a2200169 4500
001 184017
020 _a85-08-04431-3
040 _cMagnum
100 _aRocha, Ruth
240 1 0 _aO amigo do rei
_lpor
245 1 0 _aO amigo do rei
300 _a32
362 0 _a1995
440 1 _aÁtica
697 _aLITERATURA INFANTO
942 _cBK
999 _c184017
_d184017